Bajo las estrellas de otoño / (Record no. 78004)

MARC details
000 -LEADER
campo de control de longitud fija 00574nam a2200205 i 4500
001 - NÚMERO DE CONTROL
campo de control 78004
003 - IDENTIFICADOR DE NÚMERO DE CONTROL
campo de control ES-MaACL
005 - FECHA Y HORA DE LA ÚLTIMA TRANSACCIÓN
campo de control 20230906173508.0
007 - CAMPO FIJO DE DESCRIPCIÓN FÍSICA--INFORMACIÓN GENERAL
campo de control de longitud fija t|
008 - DATOS DE LONGITUD FIJA--INFORMACIÓN GENERAL
campo de control de longitud fija 041008s1958 sp ||||1| spa d
080 ## - NÚMERO DE LA CLASIFICACIÓN DECIMAL UNIVERSAL
Número de la Clasificación Decimal Universal 821.113.5-31"18"
100 1# - ENTRADA PRINCIPAL--NOMBRE DE PERSONA
Nombre de persona Hamsun, Knut.
9 (RLIN) 61705
245 10 - MENCIÓN DEL TÍTULO
Título Bajo las estrellas de otoño /
Mención de responsabilidad, etc. por Knut Hamsun ; [versión castellana de F.C.].
260 ## - PUBLICACIÓN, DISTRIBUCIÓN, ETC.
Lugar de publicación, distribución, etc. Barcelona :
Nombre del editor, distribuidor, etc. G.P.,
Fecha de publicación, distribución, etc. 1958 (
Fabricante Guada)
300 ## - DESCRIPCIÓN FÍSICA
Extensión 125 p. ;
Dimensiones 18 cm.
490 1# - MENCIÓN DE SERIE
Mención de serie Plaza ;
Designación de volumen o secuencia 123
830 1# - PUNTO DE ACCESO ADICIONAL DE SERIE-TÍTULO UNIFORME
Título uniforme Plaza ;
Designación de volumen o secuencia 123
9 (RLIN) 181244
852 4# - LOCALIZACIÓN
Ubicación ES-MaACL
Número de control de estantería C-14789
Holdings
Estatus retirado Estado de pérdida Estado de daño No para préstamo Biblioteca de origen Biblioteca actual Ubicación en estantería Fecha de adquisición Fuente de adquisición Total de préstamos Signatura topográfica completa Código de barras Visto por última vez Precio de reemplazo Tipo de ítem Koha
        Biblioteca del Ateneo de Madrid Biblioteca del Ateneo de Madrid Ficheros 17/01/2008     C-14789 1081602 23/02/2023 23/02/2023 Libro impreso